| 000 | 00958nam a22002177a 4500 | ||
|---|---|---|---|
| 003 | AM-YeHGA | ||
| 005 | 20250617154446.0 | ||
| 008 | 180601s1953 ru |||||r||f||000|1|rus|| | ||
| 040 | _aAM-YeHGA | ||
| 041 | 1 |
_arus _hukr |
|
| 100 | 1 |
_aУкраинка, Леся, _d1871-1913 |
|
| 245 | 1 | 0 |
_aЛесная песня : _bДрама-феерия в 3-х дуйствиях : [В стихах] / _cЛеся Украинка ; [Под ред. : Ал. Дейча, М. Рыльского] ; Пер. с укр. М. Исаковского. |
| 260 |
_aМосква : _bГослитиздат, _c1953. |
||
| 300 |
_a112 с. ; _c20 см. |
||
| 650 | 1 | 4 |
_aУкраинская художественная литература _xДрама |
| 700 | 1 |
_aИсаковский, Михаил Васильевич _eпер. _4trl |
|
| 700 | 1 |
_aДейч, Ал. _eред. _4edt |
|
| 700 | 1 |
_aРыльский, М. _eред. _4edt |
|
| 942 |
_2udc _cBK |
||
| 090 | _c414787 | ||
| 999 |
_c412485 _d412485 |
||